000 00452nam a2200169 a 4500
001 0000-9348
003 ELIB.Books
008 110520 1986
035 _a(ELIB.Books)0000-9500
082 _a242.5
_bHel
100 _aHelleberg, Marilyn Morgan
245 _aWhere Soul & Spirit Meet: praying with the bible
260 _bNashville: Abingdon Press
_c1986
650 _aPrayer
942 _2ddc
_cBK
998 _cbat
_e2011-05-20
999 _c9348
_d9348